000 00479nam a22001697a 4500
003 OSt
005 20211021165513.0
008 211021b |||||||| |||| 00| 0 eng d
020 _a3-527-28440-0
040 _cHAWASSA UNIVERSITY
050 _a631.7/RUM
_b1
082 _22
_a631.7/RUM
_b1
100 _aRUMP H.H.
_qRUMP H.H.
_914977
245 _aLABORATORY MANUAL FOR THE EXAMINATION OF WATER,WASTE,WATER,AND SOIL
260 _aNEW YORK
_bCAMBRDGE
_c1992
942 _2ddc
_cBOOKS
_n0
999 _c14249
_d14249